LEADER 02786nam a2200481 a 4500 001 000000078241 003 CaOOAMICUS 005 20110225171221.0 008 040401m20042009be u000 u lat r 020 $a2-503-00311-7 (v.1) 020 $a2-503-00313-3 (v.2) 035 $a10989363 040 $aIPA$bita$dEFR$delep 041 0 $alat$ager 100 0 $aAugustinus,$cs., vesc. d'Ippona,$d354-430.$0(OLS)http://pul/name/1290 245 10$aSancti Aurelli [i.e. Aurelii] Augustini Epistulae /$ccura et studio Kl. D. Daur. 260 $aTurnhout :$bBrepols,$c2004-2009. 300 $a3 v. ;$c25 cm 490 0 $aAurelii Augustini Opera ;$v4,1-3,2-3,3. 490 1 $aCorpus Christianorum.$aSeries Latina ;$v31-31A-31B 504 $aBibliografia: I, p. xxix-xxxii. 505 1 $av. 1. Epistulae 1-55. -- v. 2. Epistulae 56-100. -- v. 3. Epistulae 101-139. 700 1 $aDaur, Klaus Detlef.$0(OLS)http://pul/name/2484 700 0 $aAugustinus,$cs., vesc. d'Ippona,$d354-430.$tEpistulae.$0(OLS)http://pul/nameTitle/509$0(OLS)http://pul/name/1290$0(OLS)http://pul/title/7033 800 0 $aAugustinus,$cs., vesc. d'Ippona,$d354-430.$tOpera omnia ;$v4,1-3,2-3,3.$0(OLS)http://pul/nameTitle/1393$0(OLS)http://pul/name/1290$0(OLS)http://pul/title/2415 830 0$aCorpus Christianorum.$pSeries Latina ;$v31-31A-31B.$0(OLS)http://pul/title/474 850 $aPUL 852 $aPUL$W1$xSL Cons. Gen., Altre Classi 1$y1$m2008 A 1.31$j100382$nBK-PRI$av. 1. Epistulae 1-55$qStampati$B100382$CPULBib$Z2$F100382 $H94763 $82 852 $aPUL$W1$xSL Cons. Gen., Altre Classi 1$y1$m2008 A 1.31A$j137178$nBK-PRI$av. 2. Epistulae 56-100$qStampati$B119531$CPULBib$Z2$F119531 $H99853 $82 852 $aPUL$W1$xSL Cons. Gen., Altre Classi 1$y1$m2008 A 1.31B$j139433$nBK-PRI$av. 3. Epistulae 101-139$qStampati$B138638$CPULBib$Z2$F138638 $H112274 $82 900 $aAgostino,$cs., vesc. d'Ippona,$d354-430$91290 900 $aAgostino, Aurelio,$cs., vesc. d'Ippona$d354-430$91290 900 $aAgostino,$cs., vesc. d'Ippona,$d354-430$91290 900 $aAgostino, Aurelio,$cs., vesc. d'Ippona$d354-430$91290 900 $aAgostino,$cs., vesc. d'Ippona,$d354-430$91290 900 $aAgostino, Aurelio,$cs., vesc. d'Ippona$d354-430$91290 900 $aAgostino,$cs., vesc. d'Ippona,$d354-430$91290 900 $aAgostino, Aurelio,$cs., vesc. d'Ippona$d354-430$91290 941 1 $a8 996 $6020$a2-503-00311-7 (v.1)$9(OLS)http://pul/number/102578 996 $6020$a2-503-00313-3 (v.2)$9(OLS)http://pul/number/102579 996 $6245$aSancti Aurelli [i.e. Aurelii] Augustini Epistulae$9(OLS)http://pul/title/102518 996 $6260$aTurnhout :$bBrepols$9(OLS)http://pul/publisher/47850 LEADER 01627nam a2200325 a 4500 001 000000144411 003 CaOOAMICUS 005 20150626133911.0 008 150626s1998 fr u000 u fre r 020 $a2204059277 040 $aPUL$bita 245 04$aDes laïcs en responsabilité pastorale? :$baAcueillir de nouveaux ministères /$csous la direction de Alphonse Borras ; préface par Mgr Paul van der Berghe ; postface par le Doyen Jean-Paul Durand . 260 $aParis :$bCerf,$c1998. 300 $a313 p. ;$c22 cm 490 1 $aDroit canonique et droit civil ecclésiastique 500 $aSul front.: "Ouvrage publié à l'initiative du Groupe des canonistes francophones de Belgique" 504 $aBibliografia nelle note. 650 4$aLaicità (diritto canonico)$xCritica e interpretazione.$0(OLS)http://pul/subject/24722 700 1 $aBerghe, Paul van der.$0(OLS)http://pul/name/92647 700 1 $aDurand, Jean-Paul.$0(OLS)http://pul/name/37222 700 1 $aBorras, Alphonse,$csacerdote,$d1951-$0(OLS)http://pul/name/26565 830 0$aDroit canonique et droit civil ecclésiastique.$0(OLS)http://pul/title/97409 850 $aPUL 852 $aPUL$W1$xDP1 Fondo S. Lanza$y121$m3 F 90$j166691$qFondi$B167285$CPULBib$Z2$F167285 $HLan2045 $82 941 1 $a1 961 $aNota ms. di possesso: Sergio Lanza 996 $6020$a2204059277$9(OLS)http://pul/number/80366 996 $6245$aDes laïcs en responsabilité pastorale? :$baAcueillir de nouveaux ministères$9(OLS)http://pul/title/182710 996 $6260$aParis :$bCerf$9(OLS)http://pul/publisher/48238